| 000 | 01287cam a2200301 i 4500 | ||
|---|---|---|---|
| 003 | SA-RiAUC | ||
| 005 | 20250409070517.0 | ||
| 008 | 250408s1982 su a g b 00000 ara c | ||
| 040 |
_aSA-JeALM _bara _cSA-RiAUC _erda |
||
| 043 |
_aa-su--- _aa-ye--- _aar----- |
||
| 082 | 0 | 4 | _a915.312104 |
| 090 |
_a915.312104 _b ب ل ا |
||
| 100 | 1 |
_aالبلادي، عاتق بن غيث بن زوير، _d1352-1431 هجري _eمؤلف. |
|
| 245 | 1 | 0 |
_aبين مكة وحضرموت : _bرحلات ومشاهد / _cعاتق بن غيث البلادي. |
| 250 | _aالطبعة الاولى. | ||
| 264 | 1 |
_aمكة المكرمة : _bدار مكة، _c1982 |
|
| 300 |
_a407 صفحة : _bإيضاحيات ؛ _c25 سم |
||
| 336 |
_aنص _btxt _2rdacontent _3كتاب |
||
| 337 |
_aبدون وسيط _bn _2rdamedia |
||
| 338 |
_aمجلد _bnc _2rdacarrier |
||
| 504 | _aيشتمل على إرجاعات ببليوجرافية. | ||
| 650 | 7 |
_aالقبائل العربية _zشبه الجزيرة العربية _2aucsh |
|
| 651 | 7 |
_aشبه الجزيرة العربية _xوصف ورحلات _2aucsh |
|
| 651 | 7 |
_aمكة المكرمة _xوصف ورحلات _2aucsh |
|
| 651 | 7 |
_aحضرموت (اليمن) _xوصف ورحلات _2aucsh |
|
| 942 |
_2ddc _cBOOK _n0 |
||
| 949 |
_aSA-JeALM _d250408 _uosman123 _n1 |
||
| 999 |
_c6797 _d6797 |
||